Suomen ev.lut. kirkon piispat - Statistics

Yleistilastot
  • Tätä visaa on pelattu 45 kertaa
    14 viimeisimmän päivityksen jälkeen
  • Keskiarvotulos 6 / 11
Vastaustilastot
piispan nimi % Oikein
Arkkipiispa (Turku) Tapio Luoma
100%
Turun piispa Mari Leppänen
75%
Porvoon piispa Bo-Göran Åstrand
50%
Kuopion piispa Jari Jolkkonen
50%
Oulun piispa Jukka Keskitalo
50%
Tampereen piispa Matti Repo
50%
Helsingin piispa Teemu Laajasalo
50%
Espoon piispa Kaisamari Hintikka
38%
Mikkelin piispa Mari Parkkinen
38%
Lapuan piispa Matti Salomäki
25%
Kenttäpiispa Pekka Asikainen
25%
Ehtoja vastaavia visoja ei löytynyt
Tulosjakauma
Jokaisen tuloksen saaneiden osuus
Persentiili vastausten määrän mukaan
Tuloshistoriasi
Et ole pelannut tätä visaa sen viimeisimmän päivityksen jälkeen